| 000 | 00697nam a22001337a 4500 | ||
|---|---|---|---|
| 040 | _cRUA | ||
| 082 | _aMNR SOY 2013 B424 Or.1 | ||
| 100 | _aSOY SEUNG ; សយ ស៊ើង | ||
| 245 | _aClimate change mitigation through biodigester development in svay rieng province , ការកាត់បន្ថយ ការប្រែប្រួលអាកាសធាតុតាមរយៈការអភិវឌ្ឍន៍ឡជីវៈឧស្ម័ននៅតាមខេត្តស្វាយរៀង | ||
| 260 |
_aPhnom Penh _bRUA _c2013 |
||
| 300 |
_axiv ;49p. _bill. _c29cm. |
||
| 856 | _uhttps://drive.google.com/file/d/1vty3zhki-JM_BQFaUfMihAae5s8uzWY8/view?usp=sharing | ||
| 942 | _cMNR | ||
| 999 |
_c6948 _d6948 |
||